|
|
|
|
| LEADER |
00000cam a2200000 a 4500 |
| 001 |
vtls001471429 |
| 003 |
SK-MaSNL |
| 005 |
20260301182442.0 |
| 008 |
160624s2003 xo fru 000 cze |
| 035 |
|
|
|a SNK000426732
|
| 040 |
|
|
|a SNK
|b slo
|c SNK
|e AACR2
|
| 041 |
|
|
|a cze
|
| 044 |
|
|
|a xo
|c SK
|
| 046 |
|
|
|a m
|m 20030801 (účin.)
|n [20171101 (zruš.)]
|
| 084 |
|
|
|a 77.140.30
|2 ICS
|
| 084 |
|
|
|a 77.140.85
|2 ICS
|
| 130 |
0 |
|
|a STN 42 9333 (STN EN 10222-2) [neplatná]
|9 556320
|
| 245 |
1 |
0 |
|a STN EN 10222-2: 2003 (42 9333) [neplatná], Oceľové výkovky na tlakové zariadenia
|n Časť 2
|p Feritické a martenzitické ocele so stanovenými vlastnosťami pri zvýšených teplotách
|
| 246 |
1 |
0 |
|a Oceľové výkovky na tlakové zariadenia
|
| 246 |
1 |
0 |
|a Feritické a martenzitické ocele so stanovenými vlastnosťami pri zvýšených teplotách
|
| 260 |
|
|
|a Bratislava
|b Slovenský ústav technickej normalizácie
|c 2003
|
| 500 |
|
|
|a Táto norma nahrádza anglickú verziu STN EN 10222-2 zo septembra 2001 v celom rozsahu
|
| 500 |
|
|
|a [Norma je nahradená anglickou verziou normy STN EN 10222-2 z novembra 2017, ktorú nahradila anglická verzia normy STN EN 10222-2+A1 zo septembra 2021. Normu z roku 2021 nahradila slovenská verzia normy STN EN 10222-2+A1 z novembra 2022 v celom rozsahu]
|
| 540 |
|
|
|a STN vydané na akomkoľvek nosiči sa môžu rozmnožovať a rozširovať iba so súhlasom určenej právnickej osoby
|b SÚTN Bratislava
|c zákon 264/1999 Z. z.
|
| 650 |
0 |
7 |
|a technické normy a štandardy
|z Slovensko
|2 SNKPH
|9 79594
|
| 650 |
0 |
7 |
|a technické normy a štandardy
|z krajiny Európskej únie
|2 SNKPH
|9 289341
|
| 655 |
|
7 |
|a normy
|2 SNK
|9 70643
|
| 958 |
|
|
|a OP
|
| 999 |
|
|
|c 853733
|d 855663
|
| 952 |
|
|
|t P60, <03>, [BOOK], {603}
|a SNK
|b SNK
|y PREZ
|7 0
|p 17A0422048
|o snkSTN EN 10222-2
|i snkN 1404/2004
|0 0
|1 0
|4 0
|d 2004-03-19
|l 0
|r 2005-01-02 00:00:00
|w 2026-02-24
|
| 952 |
|
|
|a SNK
|b SNK
|y PREZ
|7 0
|p 17A0422049
|o snkSTN EN 10222-2 D1
|i snkN 1405/2004
|0 0
|1 0
|4 0
|d 2004-03-19
|l 0
|r 2005-01-02 00:00:00
|w 2026-02-24
|